Plantilla del campeón - Copa Confederaciones (2) - Estadísticas

Estadísticas generales
  • Esta prueba ha sido intentada 43 veces
  • La puntuación promedio es 55 de 161
Estadísticas de respuestas
Pos. Jugador Equipo % Correcto
DEL Lionel Messi PSG
94%
DEL Lautaro Martinez Inter
90%
DEF Dani Alves Barcelona
87%
DEF Dani Alves Barcelona
87%
POR Emiliano Martinez Aston Villa
87%
MED Rodrigo De Paul Atletico Madrid
87%
POR Julio Cesar Inter
84%
POR Julio Cesar QPR
84%
POR Marc-Andre ter Stegen Barcelona
84%
MED Ronaldinho Barcelona
81%
DEF Thiago Silva PSG
81%
DEL Neymar Santos
77%
DEF Lisandro Martinez Ajax
74%
DEF Marcos Acuña Sevilla
74%
DEF David Luiz Chelsea
71%
POR Dida Milan
71%
DEF Filipe Luis Atletico Madrid
71%
POR Franco Armani River Plate
71%
DEL Julian Alvarez River Plate
71%
DEL Papu Gomez Sevilla
71%
DEL Paulo Dybala Juventus
71%
DEL Thierry Henry Arsenal
71%
DEL Adriano Inter
68%
DEL Angel Di Maria PSG
68%
MED Guido Rodriguez Betis
68%
DEL Hulk Zenit
68%
DEF Juan Foyth Villarreal
68%
MED Kaka Milan
68%
MED Kaka Milan
68%
DEF Nicolas Otamendi Benfica
68%
DEL Timo Werner RB Leipzig
68%
MED Alexis Mac Allister Brigthon
65%
DEF Cristian Romero Tottenham
65%
POR Geronimo Rulli Villarreal
65%
MED Giovani Lo Celso Villarreal
65%
MED Julian Draxler PSG
65%
DEF Marcelo Real Madrid
65%
DEF German Pezzella Betis
61%
DEF Lucio Bayern Munich
61%
DEF Lucio Bayern Munich
61%
DEF Nicolas Tagliafico Ajax
61%
MED Exequiel Palacios Bayer Leverkusen
58%
POR Fabien Barthez Manchester United
58%
DEL Fred Fluminense
58%
MED Gilberto Silva Arsenal
58%
MED Gilberto Silva Panathinaikos
58%
DEF Joshua Kimmich Bayern Munich
58%
MED Leroy Sane Manchester City
58%
DEF Nahuel Molina Udinese
55%
MED Oscar Chelsea
55%
POR Kevin Trapp PSG
52%
DEL Luis Fabiano Sevilla
52%
MED Ze Roberto Bayern Munich
52%
DEF Lilian Thuram Juventus
48%
DEF Maicon Monaco
48%
DEF Maicon Inter
48%
DEL Robinho Santos
48%
DEL Robinho Manchester City
48%
DEF Shkodran Mustafi Arsenal
48%
DEF Dante Bayern Munich
45%
MED Juninho Lyon
45%
MED Nicolas Gonzalez Fiorentina
45%
MED Patrick Vieira Arsenal
45%
MED Emre Can Liverpool
42%
MED Laurent Robert PSG
42%
DEF Marcel Desailly Chelsea
42%
MED Marcel Desailly Chelsea
42%
DEL Jo Atletico Mineiro
39%
MED Robert Pires Arsenal
39%
MED Robert Pires Arsenal
39%
DEL Alexandre Pato Milan
35%
DEF Jonas Hector Koln
35%
MED Luiz Gustavo Bayern Munich
35%
DEL Nicolas Anelka PSG
35%
DEF Antonio Rudiger Roma
32%
POR Bernd Leno Bayer Leverkusen
32%
DEF Bixente Lizarazu Bayern Munich
32%
DEF Bixente Lizarazu Bayern Munich
32%
MED Leon Goretzka Schalke 04
32%
DEF Matthias Ginter Borussia Dortmund
32%
MED Lucas Moura PSG
29%
DEF Miranda Sao Paulo
29%
DEF Juan Bayer Leverkusen
26%
DEF Juan Roma
26%
MED Paulinho Corinthians
26%
DEL Youri Djorkaeff Kaiserslautern
26%
DEL Julio Baptista Sevilla
23%
MED Julio Baptista Roma
23%
MED Ramires Cruzeiro
23%
MED Bernard Atletico Mineiro
19%
MED Elano Manchester City
19%
MED Emerson Juventus
19%
POR Marcos Palmeiras
19%
DEL Sylvain Wiltord Arsenal
19%
DEL Sylvain Wiltord Arsenal
19%
MED Fernando Gremio
16%
POR Jefferson Botafogo
16%
MED Julian Brandt Bayer Leverkusen
16%
DEF Kleber Internacional SC
16%
DEF Niklas Sule 1899 Hoffenheim
16%
DEF Willy Sagnol Bayern Munich
16%
DEF Willy Sagnol Bayern Munich
16%
DEF Christian Karembeu Middlesbrough
13%
DEF Frank Leboeuf Chelsea
13%
MED Hernanes Lazio
13%
MED Kleberson Flamengo
13%
MED Ludovic Giuly Monaco
13%
DEF Roque Junior Bayer Leverkusen
13%
POR Victor Gremio
13%
DEF Andre Santos Corinthians
10%
DEL Christophe Dugarry Bordeaux
10%
DEF Gilberto Hertha Berlin
10%
POR Gregory Coupet Lyon
10%
POR Gregory Coupet Lyon
10%
POR Heurelho Gomes PSV
10%
POR Heurelho Gomes Tottenham
10%
MED Lars Stindl Borussia Monchengladbach
10%
DEF Luisao Benfica
10%
DEF Luisao Benfica
10%
DEF Mikael Silvestre Manchester United
10%
DEF Mikael Silvestre Manchester United
10%
DEL Sandro Wagner 1899 Hoffenheim
10%
MED Sebastian Rudy 1899 Hoffenheim
10%
DEF William Gallas Chelsea
10%
MED Amin Younes Ajax
6%
MED Edu Arsenal
6%
MED Felipe Melo Fiorentina
6%
DEL Sidney Govou Lyon
6%
DEF Cicinho Sao Paulo
3%
DEL Djibril Cisse Auxerre
3%
DEL Frederic Nee Bastia
3%
DEF Marvin Plattenhardt Hertha Berlin
3%
DEL Nilmar Internacional SC
3%
MED Renato Sevilla
3%
DEL Ricardo Oliveira Betis
3%
DEF Benjamin Henrichs Bayer Leverkusen
0%
MED Benoit Pedretti Sochaux
0%
POR Diego Cavalieri Fluminense
0%
MED Diego Demme RB Leipzig
0%
MED Eric Carriere Nantes
0%
MED Jadson Sao Paulo
0%
MED Jean Fluminense
0%
DEF Jean-Alain Boumsong Auxerre
0%
MED Jeremie Brechet Lyon
0%
MED Jerome Rothen Monaco
0%
MED Josue Wolfsburgo
0%
MED Kerem Demirbay 1899 Hoffenheim
0%
DEF Leo Benfica
0%
POR Mickael Landreau Nantes
0%
POR Mickael Landreau Nantes
0%
DEF Nicolas Gillet Nantes
0%
MED Olivier Dacourt Leeds
0%
MED Olivier Dacourt Leeds
0%
MED Olivier Kapo Auxerre
0%
MED Ousmane Dabo Atalanta
0%
DEF Philippe Mexes Auxerre
0%
DEF Rever Atletico Mineiro
0%
DEL Steve Marlet Lyon
0%
DEL Steve Marlet Fulham
0%
POR Ulrich Rame Bordeaux
0%
DEF Zoumana Camara Marsella
0%
No se encontraron pruebas coincidentes
Distribución de puntuación
Porcentaje de gente con cada puntuación
Porcentaje por número respondido
Historial de tus puntuaciones
No has intentado esta prueba.